000 00803cam6a220022900 4500
001 tmp15632514
003 UPRA
005 20190822123622.0
008 950922n kyu eng u
035 _a(Sirsi) r52609
035 _a(UPRA)tmp15632514
040 _cUPRA
100 1 _aVan Tets, Gerard F.
_6A11185.1
245 1 2 _aA comparative study of some social communication patterns in the pelecaniformes.
260 _a[Anchorage, KY]
490 1 _aAmerican ornithological monographs ;
_vno. 2
504 _aBibliography: p. 82-88.
650 0 _aPelicans.
_6S7577.1
810 2 _aAmerican Ornithological Union. Ornithological monographs ;
_tAmerican Ornithological Union. Ornithological monographs ;
_vno. 2.
_6S2883.1
949 _aQL696
_wlcc
_i-66990
_mMAIN
_tBOOK
_lON-SHELF
004 52609
999 _c136233
_d136233